000 00605nam a2200229Ia 4500
003 OSt
005 20221005124408.0
006 a|||||r|||| 00| 0
007 ta
008 221004b |||||||| |||| 00| 0 ara d
024 _a122892
037 _cTextual
040 _aCRL
_cCRL
_bara
041 _2ara
_aara
082 _aO168,3M80:g, M9
100 _aShamsul Haq Usmani
_9635142
245 0 _aMuhibb e watan
_b Premchand aur Digar Mazami
260 _c1989
650 _aURDU LITERATURE
942 _hO168,3M80:g, M9
_cTEXL
_2cc
999 _c1050323
_d1050323